00359nam a2200121Ia 4500008004100000082001900041100001600060245003700076260004400113365000600157630003700163730003700200100415s9999 xx 000 0 und d b19549a598.864 aBent,Arthur aLife Histories Of North American aWASHIGTONc1946bSMITHONIAN INSTITUTION b0 aLife Histories Of North American aLife Histories Of North American